| 000 | 00911cam a2200241 a 4500 | ||
|---|---|---|---|
| 999 |
_c57865 _d57865 |
||
| 001 | 17428371 | ||
| 005 | 20210319164616.0 | ||
| 008 | 120813s2013 nyu b 001 0 eng | ||
| 020 | _a9781462508495 (hardback) | ||
| 041 | _aeng | ||
| 080 | _a376.2 H-22 | ||
| 245 | 0 | 0 |
_aHandbook of learning disabilities / _cedited by H. Lee Swanson, Karen R. Harris, Steve Graham. |
| 250 | _a2nd ed. | ||
| 264 |
_aNew York : _bThe Guilford Press, _c2013. |
||
| 300 |
_a716 p. ; _c26 cm. |
||
| 504 | _a bibliographical p. 675-678 | ||
| 653 | _aუნარშეზღუდული ადამიანების სწავლა | ||
| 653 | _aპედაგოგიკა | ||
| 700 | 1 |
_aSwanson, H. Lee, _d1947- _eრედაქტორი _910580 |
|
| 700 | 1 |
_aHarris, Karen R. _eრედაქტორი _910581 |
|
| 700 | 1 |
_aGraham, Steve, _d1950- _eრედაქტორი _910582 |
|
| 942 |
_2udc _cBK |
||